| 000 | 00850pam a2200277 a 4500 | ||
|---|---|---|---|
| 001 | 3805702 | ||
| 003 | OSt | ||
| 005 | 20150608154446.0 | ||
| 008 | 850822s1986 nyua b 001 0 eng | ||
| 010 | _a 85019920 | ||
| 020 |
_a0582285607 (pbk.) : _c$26.95 |
||
| 040 |
_aDLC _cDLC _dDLC |
||
| 050 | 0 | 0 |
_aLB1051 _b.G593 1986 |
| 082 | 0 | 0 |
_a370.15 GOO 1986 _219 |
| 100 | 1 |
_aGood, Thomas L., _d1943- _95214 |
|
| 245 | 1 | 0 |
_aEducational psychology : _ba realistic approach / _cThomas L. Good, Jere E. Brophy. |
| 250 | _a3rd ed. | ||
| 260 |
_aNew York : _bLongman, _cc1986. |
||
| 300 |
_axii, 850, 17 p. : _bill. ; _c24 cm. |
||
| 500 | _aIncludes indexes. | ||
| 504 | _aBibliography: p. 801-850. | ||
| 650 | 0 |
_aEducational psychology. _95140 |
|
| 700 | 1 |
_aBrophy, Jere E. _95215 |
|
| 906 |
_a7 _bcbc _corignew _d1 _eocip _f19 _gy-gencatlg |
||
| 942 |
_2z _cSLOAN |
||
| 999 |
_c1996 _d1996 |
||